Logo BPK

Biblioteka

Politechniki Koszalińskiej

Nowe tendencje w nauce o organizacji i zarządzaniu : (Rekord nr 34041)

Szczegóły MARC
000 -ETYKIETA REKORDU
podpole kontrolne o stałej długości 01042nam a2200253 i 4500
001 - NUMER KONTROLNY REKORDU
pole kontrolne bg
040 ## - ŹRÓDŁO KATALOGOWANIA
Instytucja, która utworzyła rekord BPK
041 w# - KOD JĘZYKA
Kod języka tekstu plde
Kod języka dokumentu towarzyszącego innego niż libretto en
080 ## - UNIWERSALNA KLASYFIKACJA DZIESIĘTNA - UKD
UKD 65.01(061)
008 - POLE O STAŁEJ DŁUGOŚCI - DANE KONTROLNE
podpole kontrolne o stałej długości s pl f |000 0 pol
245 00 - TYTUŁ/ODPOWIEDZIALNOŚĆ
Tytuł Nowe tendencje w nauce o organizacji i zarządzaniu :
Ciąg dalszy tytułu międzynarodowa konferencja naukowa, Szklarska Poręba, 17-19 września 1998.
260 ## - STREFA ADRESU WYDAWNICZEGO
Miejsce wydania Wrocław :
Nazwa wydawcy/dystrybutora Oficyna Wydawnicza Politechniki Warszawskiej,
Data publikacji, dystrybucji/powstania dokumentu 1998.
300 ## - STREFA OPISU FIZYCZNEGO
Objętość 359 s. :
Inne cechy fizyczne rys., wykr. ;
Rozmiary 24 cm.
490 1# - STREFA SERII I DOKUMENTU WIELOCZĘŚCIOWEGO - FORMA NIE DO WYSZUKIWANIA
Tytuł i oznaczenie odpowiedzialności serii Prace Naukowe Instytutu Organizacji i Zarządzania Politechniki Wrocławskiej. Konferencje,
ISSN 0324-9484 ;
Numeracja w obrębie serii 21
500 ## - UWAGI OGÓLNE
Tekst uwagi W serii gł. nr 68.
500 ## - UWAGI OGÓLNE
Tekst uwagi Tekst częśc. niem. - Spis treści ang.
650 #9 - HASŁO PRZEDMIOTOWE W FORMIE NAZWY OGÓLNEJ LUB JEDNOSTKOWEJ
Nazwa ogólna lub geograficzna Zarządzanie
Określnik ogólny teoria
650 #9 - HASŁO PRZEDMIOTOWE W FORMIE NAZWY OGÓLNEJ LUB JEDNOSTKOWEJ
Nazwa ogólna lub geograficzna Organizacja
Określnik ogólny teoria
655 ## - TERMIN INDEKSOWY - OKREŚLENIE RODZAJU/FORMY DOKUMENTU
Określenie rodzaju/formy dokumentu Materiały konferencyjne
700 1# - HASŁO DODATKOWE - NAZWA OSOBOWA
Nazwa osobowa SZELOCH, Maria
710 #0 - HASŁO DODATKOWE - NAZWA CIAŁA ZBIOROWEGO
Nazwa ciała zbiorowego lub jednostki geograficznej Instytut Organizacji i Zarządzania Politechniki Wrocławskiej
830 #0 - HASŁO DODATKOWE SERII LUB DOKUMENTU WIELOCZĘŚCIOWEGO - TYTUŁ UJEDNOLICONY
Tytuł ujednolicony Prace Naukowe Instytutu Organizacji i Zarządzania Politechniki Wrocławskiej.
Nazwa części/sekcji dzieła Konferencje
856 ## - LOKALIZACJA I DOSTĘP DO ELEKTRONICZNYCH DOKUMENTÓW ZDALNYCH
Link (URL) http://koha.tu.koszalin.pl/cgi-bin/koha/opac-detail.pl?biblionumber=34041
Tekst linku Katalog online BPK
942 ## - DODATKOWE ELEMENTY (KOHA)
Typ dokumentu Książka
Egzemplarze
Wycofany Status egzemplarza Uszkodzony Dostępność Lokalizacja stała Lokalizacja bieżąca Miejsce przechowywania Sygnatura Kod kreskowy Dział Typ dokumentu
      Tylko na miejscu Biblioteka Politechniki Koszalińskiej Biblioteka Politechniki Koszalińskiej Czytelnia Wydziałowa ul. Kwiatkowskiego 6e 46358 01386745 005 Zarządzanie Książka
© 2023 Biblioteka Politechniki Koszalińskiej :: KOHA